| 000 | 00754nam a2200289Ia 4500 | ||
|---|---|---|---|
| 008 | 170711s9999 xx 000 0 und d | ||
| 020 | _a9780545380782 | ||
| 050 | _a31.02 | ||
| 050 | _bM367b 2011 | ||
| 100 | _aMarshall, Anne | ||
| 245 | _aBurp! : | ||
| 245 | _bcrazy human body stories / | ||
| 245 | _cby Anne Marshall ; illustrated by John Graziano. | ||
| 260 | _aNew York : | ||
| 260 | _bScholastic, | ||
| 260 | _c2011 | ||
| 300 | _a95 pages : | ||
| 300 | _billustrations ; | ||
| 300 | _c19cm. | ||
| 650 | _aCuriosities and wonders -- | ||
| 650 | _aCuriosities and wonders. | ||
| 650 | _aHuman body -- | ||
| 650 | _xJuvenile literature. | ||
| 650 | _xJuvenile literature. | ||
| 700 | _aGraziano, John. | ||
| 700 | _aTitle. | ||
| 999 |
_c339766 _d339766 |
||